000 01175cam a22001814a 4500
005 20250605163533.0
008 250528s ||||||||||||||||||||||||d
035 _a21304
020 _a9789609851107
040 _aGR-AtMCL
_bgre
_dGR-AtMCL
_eAACR2
245 1 _aΟδηγός Γονέα
260 _bΥπουργείο Ενικής Παιδείας Και Θρησκευμάτων,
_c2011
300 _a128
520 _aΕισαγωγικό Σημείωμα, Οι Πρώτες Σκέψεις γύρω από το Νηπιαγωγείο - Τα Ερωτήματα των Γονέων, Προτεραιότητα στην Υγεία και στην Ασφάλεια, Το Παιχνίδι είναι η Βασική Εργασία των Παιδιών, Τι Μαθαίνουν τα Μικρά Παιδιά στο Νηπιαγωγείο, Πώς Μπορούμε να Βοηθήσουμε τα Παιδιά;, Η Συνεργασία των Γονέων με τους Εκπαιδευτικούς, Η Μετάβαση του Παιδιού στο Δημοτικό Σχολείο, Παράρτημα, Πηγές.
942 _cBK
999 _c6369
_d6369